A Kormányzó csütörtökön fogadta a Nobel-díjas szegedi professzort

Elmentve itt :
Bibliográfiai részletek
Dokumentumtípus: Cikk
Megjelent: 1937-11-05
Sorozat:Szegedi Friss Ujság 38
Kulcsszavak:Szent-Györgyi Albert, Horthy Miklós, Demény Károly, Hóman Bálint, Klebelsberg özvegye, Korányi Sándor
Online Access:http://misc.bibl.u-szeged.hu/71993
LEADER 00684nab a2200169 i 4500
001 misc71993
005 20240124103751.0
008 240124s1937 hu o 000 hun d
040 |a SZTE Miscellanea Repozitórium  |b hun 
041 |a hun 
245 0 2 |a A Kormányzó csütörtökön fogadta a Nobel-díjas szegedi professzort  |h [elektronikus dokumentum] 
260 |c 1937-11-05 
300 |a 3 
490 0 |a Szegedi Friss Ujság  |v 38 
561 |a Szent-Györgyi Albertről szóló irodalom 
695 |a Szent-Györgyi Albert, Horthy Miklós, Demény Károly, Hóman Bálint, Klebelsberg özvegye, Korányi Sándor 
856 4 0 |u http://misc.bibl.u-szeged.hu/71993/1/szgya_1937_279.pdf  |z Dokumentum-elérés